| 000 | 00671cab a2200217 4500 | ||
|---|---|---|---|
| 001 | WB2912-10 | ||
| 008 | 090401t1993 xxu||||| |||| 00| 0 eng d | ||
| 035 | _a(Sirsi) u46818 | ||
| 041 | _aeng | ||
| 245 | _aNursing a booming business | ||
| 260 | _c1993 | ||
| 350 | _a0 | ||
| 490 |
_aIndependent _v24 March 1993, 27(1) |
||
| 520 | _aAs the number of people over the age of 75 is set to continue rising,nursing and residential homes are becoming big business. The sector is now worth £3.3bn. | ||
| 650 | _aDEMOGRAPHICS | ||
| 650 | _aNURSING HOMES | ||
| 650 | _aRESIDENTIAL HOMES | ||
| 690 | _aPROPERTY-COMMERCIAL PROPERTY | ||
| 942 | _n0 | ||
| 948 | _c04/03/1997 | ||
| 999 |
_c29566 _d29566 |
||